| 000 | 00940nas a2200289 4500 | ||
|---|---|---|---|
| 001 | BR2012000471 | ||
| 003 | BR-BrBNA | ||
| 005 | 20231205120216.0 | ||
| 007 | ta | ||
| 008 | 230509b bl.|||p| |||| 00| 00por d | ||
| 040 |
_aBR-BrBNA _bpor _cBiblioteca Nacional de Agricultura |
||
| 041 | _a(Pt) | ||
| 072 | _aM40; M12; L10 | ||
| 100 | 1 | _aLopes, P.R.D. | |
| 100 | 1 | _aOliveira-Silva, J.T. de | |
| 100 | 1 | _aMatos, F.J.P. de | |
| 100 | 1 | _aCosta, T.A.B. | |
| 245 | 1 | _aObservações sobre Antimora rostrata (GUNTHER, 1878)(ACTINOPTERGILL: MORIDAE)no Estado do Rio de Janeiro, Brasil (Oceano Atlântico Ocidental) | |
| 650 | _aRIO DE JANEIRO | ||
| 650 | _aBIOLOGIA ANIMAL | ||
| 650 | _aPEIXE MARINHO | ||
| 650 | _aBIOMETRIA | ||
| 650 | _aREGISTRO | ||
| 773 | 0 |
_tArquivos de Ciências do Mar (Brazil) _xISSN 0374-5686 _g(2011), v. 44(1) p. 107-110 _wBR2012000471 |
|
| 909 |
_a202311 _bLúcia _c55 _dLúcia Elande |
||
| 942 |
_2AGRIS _n0 _cANA |
||
| 999 |
_c217453 _d217453 |
||